00629nam a22001697a 4500003000900000008004100009040007100050082002300121100002300144245002900167260003100196300002700227505014800254650002600402650001100428650002000439AR-CdUCM190403b           ||||| |||| 00| 0 spa d  aMUNICIPALIDAD PROVINCIAL DEL CUSCOcBIBLIOTECA MUNICIPAL DEL CUSCO  aC / 869.56 /bV21P  aValencia, Faustino  aDel Parnaso Cusqueño /  aSicuani :bTip. La Verdad.  a38 páginas ;c21 cm.  aContenido: Tres cantos al Cuzco -- La Epopeya de Manko II -- La canción del Ande -- A Micaela de Bastidas -- El vértigo de la América ...  aLiteratura Cusqueña  aCantos  aSicuani - Cusco